| 000 | 00866nam a22002057a 4500 | ||
|---|---|---|---|
| 003 | OSt | ||
| 005 | 20251125113030.0 | ||
| 008 | 251125b |||||||| |||| 00| 0 eng d | ||
| 020 | _a978-1-4129-8721-9 (pbk) | ||
| 040 |
_aDWC-Main lib. _cOC |
||
| 082 | _aCirc. 361.06 G164 2012 | ||
| 100 | _aGallardo, Miguel E. | ||
| 245 |
_aCulturally adaptive counseling skills : _bdemonstrations of evidence-based practices/ _cMiguel E. Gallardo |
||
| 260 |
_aLos Angeles, California : _bSAGE Publications, _cc2012. |
||
| 300 |
_axv, 365 pages : _billustrations ; _c26 cm. |
||
| 504 | _aIncludes bibliographical references. | ||
| 650 | _a1. Cross-cultural counseling--United States. | ||
| 650 | _a2. Minorities--Counseling of--United States. I. Gallardo, Miguel E. II. Yeh, Christine J. III. Trimble, Joseph E. IV. Parham, Thomas A. | ||
| 942 |
_2ddc _cBK-CIRC _kCirc. _n0 |
||
| 999 |
_c6243 _d6243 |
||